Soustava plánovitého řízení a vědeckotechnický rozvoj

Bibliographic Details
Main Author: (ra) (Author)
Format: Article
Language:Slovak
Czech
Subjects:

MARC

LEADER 00000nab a2200000 a 4500
001 vtls000076040
003 SK-MaSNL
005 20260304065133.0
008 250422c1981 xo 0 slo
015 |a SNBRB19rr/mm-uuuuu 
035 |a CL0086141 
035 |a urn:nbn:sk:snk-abb9h7 
035 |a (urnnbn)urn:nbn:sk:snk:ar-0055z2 
035 |a (uuid)1a108d5b-e19a-4965-8e80-26e75846627a 
040 |a SNKBUCL  |b slo  |c SNKBUCL  |e AACR2 
041 0 |a cze 
044 |a xo  |c SK 
080 |a 338.2  |2 1981 
080 |a 001.3  |2 1981 
100 1 |a (ra)  |4 aut  |9 555356 
245 1 0 |a Soustava plánovitého řízení a vědeckotechnický rozvoj  |c (ra) 
650 0 7 |a vedecko-technický rozvoj  |2 snkbucl  |9 3999 
650 0 7 |a riadenie plánovité  |2 snkbucl  |9 921774 
655 7 |a články z novín a časopisov  |2 snkbucl  |9 267496 
773 0 |t Technická práca  |g Roč. 33, č. 1 (1981), s. 70-73 
850 |a Slovenská národná knižnica 
852 |a Slovenská národná knižnica 
958 |a article15 
958 |a RK 
958 |a CZ 
958 |a OND 
958 |a EUIPO 
992 |a RBX 
999 |c 2749469  |d 2751399